<?xml version="1.0" encoding="UTF-8"?>
<record
    xmlns:xsi="http://www.w3.org/2001/XMLSchema-instance"
    xsi:schemaLocation="http://www.loc.gov/MARC21/slim http://www.loc.gov/standards/marcxml/schema/MARC21slim.xsd"
    xmlns="http://www.loc.gov/MARC21/slim">

  <leader>00604nam a22001817a 4500</leader>
  <controlfield tag="005">20231120094933.0</controlfield>
  <controlfield tag="008">231120b        |||||||| |||| 00| 0 eng d</controlfield>
  <datafield tag="020" ind1=" " ind2=" ">
    <subfield code="a">9960944212</subfield>
  </datafield>
  <datafield tag="040" ind1=" " ind2=" ">
    <subfield code="c">.</subfield>
  </datafield>
  <datafield tag="082" ind1=" " ind2=" ">
    <subfield code="2">1&#x637;</subfield>
    <subfield code="a">928,1531 713J 2003</subfield>
  </datafield>
  <datafield tag="100" ind1=" " ind2=" ">
    <subfield code="a">&#x627;&#x644;&#x62B;&#x642;&#x627;&#x641;&#x64A;.&#x645;&#x631;&#x643;&#x632; &#x62D;&#x645;&#x62F; &#x627;&#x644;&#x62C;&#x627;&#x633;&#x631;</subfield>
  </datafield>
  <datafield tag="245" ind1=" " ind2=" ">
    <subfield code="a">&#x62D;&#x645;&#x62F; &#x627;&#x644;&#x62C;&#x627;&#x633;&#x631; &#x641;&#x64A; &#x639;&#x64A;&#x648;&#x646; &#x627;&#x644;&#x627;&#x62E;&#x631;&#x64A;&#x646;:</subfield>
    <subfield code="b">/</subfield>
    <subfield code="c">&#x645;&#x631;&#x643;&#x632; &#x62D;&#x645;&#x62F; &#x627;&#x644;&#x62C;&#x627;&#x633;&#x631; &#x627;&#x644;&#x62B;&#x642;&#x627;&#x641;&#x64A;</subfield>
  </datafield>
  <datafield tag="250" ind1=" " ind2=" ">
    <subfield code="a">1&#x637;</subfield>
  </datafield>
  <datafield tag="260" ind1=" " ind2=" ">
    <subfield code="a">&#x627;&#x644;&#x631;&#x64A;&#x627;&#x636;</subfield>
    <subfield code="b">&#x645;&#x631;&#x643;&#x632; &#x62D;&#x645;&#x62F; &#x627;&#x644;&#x62C;&#x627;&#x633;&#x631; &#x627;&#x644;&#x62B;&#x642;&#x627;&#x641;&#x64A;</subfield>
    <subfield code="c">2003</subfield>
  </datafield>
  <datafield tag="300" ind1=" " ind2=" ">
    <subfield code="a">862&#x635;</subfield>
    <subfield code="c">29&#x633;&#x645;</subfield>
  </datafield>
  <datafield tag="650" ind1=" " ind2=" ">
    <subfield code="z">&#x627;&#x644;&#x62C;&#x627;&#x633;&#x631;.&#x62D;&#x645;&#x62F; &#x628;&#x646; &#x645;&#x62D;&#x645;&#x62F;</subfield>
  </datafield>
  <datafield tag="942" ind1=" " ind2=" ">
    <subfield code="2">ddc</subfield>
    <subfield code="c">BK-AR</subfield>
    <subfield code="n">0</subfield>
  </datafield>
  <datafield tag="999" ind1=" " ind2=" ">
    <subfield code="c">6261</subfield>
    <subfield code="d">6261</subfield>
  </datafield>
  <datafield tag="952" ind1=" " ind2=" ">
    <subfield code="0">0</subfield>
    <subfield code="1">0</subfield>
    <subfield code="2">ddc</subfield>
    <subfield code="4">0</subfield>
    <subfield code="7">0</subfield>
    <subfield code="a">CENTRAL</subfield>
    <subfield code="b">CENTRAL</subfield>
    <subfield code="d">2023-12-14</subfield>
    <subfield code="l">0</subfield>
    <subfield code="o">928,1531 713J 2003</subfield>
    <subfield code="r">2023-12-14 06:55:30</subfield>
    <subfield code="t">C11000000018868</subfield>
    <subfield code="w">2023-12-14</subfield>
    <subfield code="y">BK-AR</subfield>
  </datafield>
</record>
